Online katalóg knižníc regiónu Turca

Ničiteľ ríše (Record no. 22302)

MARC details
000 -LEADER
fixed length control field 01545cam a2200445 4500
001 - CONTROL NUMBER
control field 22302
003 - CONTROL NUMBER IDENTIFIER
control field VRT
005 - DATE AND TIME OF LATEST TRANSACTION
control field 20260325151747.0
008 - FIXED-LENGTH DATA ELEMENTS--GENERAL INFORMATION
fixed length control field 211217s2021 xo g 000 f slo
015 ## - NATIONAL BIBLIOGRAPHY NUMBER
National bibliography number SNBA2023/06
020 ## - INTERNATIONAL STANDARD BOOK NUMBER
International Standard Book Number 9788081642586
Qualifying information (viazané)
039 #9 - LEVEL OF BIBLIOGRAPHIC CONTROL AND CODING DETAIL [OBSOLETE]
Level of rules in bibliographic description 202410072103
Level of effort used to assign nonsubject heading access points AUTHORITY
Level of effort used to assign subject headings 202410072041
Level of effort used to assign classification AUTHORITY
Level of effort used to assign subject headings 202410071913
Level of effort used to assign classification AUTHORITY
Level of effort used to assign subject headings 202306140915
Level of effort used to assign classification msnk159
040 ## - CATALOGING SOURCE
Original cataloging agency SNK
Language of cataloging slo
Transcribing agency SNK
Description conventions rda
041 1# - LANGUAGE CODE
Language code of text/sound track or separate title slo
Language code of original eng
044 ## - COUNTRY OF PUBLISHING/PRODUCING ENTITY CODE
MARC country code xo
ISO country code SK
072 #7 - SUBJECT CATEGORY CODE
Subject category code 821.111(73)-3
Subject category code subdivision Americká próza
Source konspekt
080 ## - UNIVERSAL DECIMAL CLASSIFICATION NUMBER
Universal Decimal Classification number 821.111(73)-31
Edition identifier 2011
080 ## - UNIVERSAL DECIMAL CLASSIFICATION NUMBER
Universal Decimal Classification number (0:82-312.9)
Edition identifier 2011
100 1# - MAIN ENTRY--PERSONAL NAME
Personal name Aveyard, Victoria,
Dates associated with a name 1990-
Relationship aut
240 10 - UNIFORM TITLE
Uniform title Realm Breaker
Language of a work Slovensky
245 10 - TITLE STATEMENT
Title Ničiteľ ríše
Number of part/section of a work I. diel
Statement of responsibility, etc. Victoria Aveyard
246 1# - VARYING FORM OF TITLE
Display text Obálkový podnázov:
Title proper/short title Zachráň svet, alebo, ho navždy pochovaj
250 ## - EDITION STATEMENT
Edition statement Vydanie prvé
264 #1 - PRODUCTION, PUBLICATION, DISTRIBUTION, MANUFACTURE, AND COPYRIGHT NOTICE
Place of production, publication, distribution, manufacture [Bratislava]
Name of producer, publisher, distributor, manufacturer Motýľ
Date of production, publication, distribution, manufacture, or copyright notice 2021
300 ## - PHYSICAL DESCRIPTION
Extent 456 strán
Dimensions 21 cm
336 ## - CONTENT TYPE
Content type term text
Content type code txt
Source rdacontent
337 ## - MEDIA TYPE
Media type term bez média
Media type code n
Source rdamedia
338 ## - CARRIER TYPE
Carrier type term zväzok
Carrier type code nc
Source rdacarrier
500 ## - GENERAL NOTE
General note Z angličtiny preložila Romana Korenková
655 #7 - INDEX TERM--GENRE/FORM
Genre/form data or focus term americké romány
Source of term SNKPH
655 #7 - INDEX TERM--GENRE/FORM
Genre/form data or focus term fantasy romány
Source of term SNKPH
655 #7 - INDEX TERM--GENRE/FORM
Genre/form data or focus term American fiction
Source of term SNKPHeng
655 #7 - INDEX TERM--GENRE/FORM
Genre/form data or focus term Fantasy novels
Source of term SNKPHeng
700 1# - ADDED ENTRY--PERSONAL NAME
Personal name Korenková, Romana
Relationship trl
787 08 - OTHER RELATIONSHIP ENTRY
Relationship information Zo série:
Title Ničiteľ ríše
Related parts 1. diel
942 ## - ADDED ENTRY ELEMENTS (KOHA)
Source of classification or shelving scheme Dewey Decimal Classification
Koha item type Krásna literatúra pre dospelých
Suppress in OPAC No
949 ## - LOCAL PROCESSING INFORMATION (OCLC)
6 17A1526398
a snkSC 201342
b snk2023/4420
o 252/23
949 ## - LOCAL PROCESSING INFORMATION (OCLC)
6 17A1526402
a snkSC 201342 D1
b snk2023/4421
o 252/23
Holdings
Stav vyradenia Strata Poškodenie Spôsob nadobudnutia Domovská knižnica Aktuálna knižnica Dátum nadobudnutia Total checkouts Čiarový kód exemplára Date last seen Typ exemplára
      Dar Obecná knižnica Folkušová Obecná knižnica Folkušová 25.03.2026   4734401059 25.03.2026 Krásna literatúra pre dospelých
Projekt je podporený Slovenskou asociáciou knižníc
Prevádzkuje Turčianska knižnica Martin 2026